| 000 | 00578nam a2200181 i 4500 | ||
|---|---|---|---|
| 001 | 60789 | ||
| 003 | ES-MaACL | ||
| 005 | 20230906164315.0 | ||
| 007 | t| | ||
| 008 | 031106s1928 mx ||||1| spa d | ||
| 080 | _a821.134.2(72)-14"19" | ||
| 100 | 1 |
_aEstrada, Genaro. _948196 |
|
| 245 | 1 | 0 |
_aCrucero _b: poemas / _cGenaro Estrada ; [con una litografía al offset y cinco grabados de Gabriel García Maroto]. |
| 260 |
_aMéxico : _bCultura, _c1928. |
||
| 300 |
_a88 p. : _bil. col. y n. ; _c24 cm. |
||
| 700 | 1 |
_aGarcía Maroto, Gabriel. _9138190 |
|
| 852 |
_aES-MaACL _jA-1474 |
||
| 999 |
_c60789 _d60789 |
||